О тепловом загрязнении окружающей среды выбросами и сбросами ТЭС и ТЭЦ; Безопасность жизнедеятельности; № 4

Xehetasun bibliografikoak
Parent link:Безопасность жизнедеятельности: научно-практический и учебно-методический журнал.— , 2001-
№ 4.— 2002.— С. 26-28
Egile nagusia: Попов В. М.
Beste egile batzuk: Рябцев В. И., Рябцев Г. А.
Hizkuntza:errusiera
Argitaratua: 2002
Saila:Экологическая экспертиза
Gaiak:
Formatua: Liburu kapitulua
KOHA link:https://koha.lib.tpu.ru/cgi-bin/koha/opac-detail.pl?biblionumber=382276

MARC

LEADER 00000naa2a2200000 4500
001 382276
005 20231101062936.0
035 |a (RuTPU)RU\TPU\prd\5980 
090 |a 382276 
100 |a 20020910a2002 k y0rusy50 ca 
101 0 |a rus 
102 |a RU 
200 1 |a О тепловом загрязнении окружающей среды выбросами и сбросами ТЭС и ТЭЦ  |f В. М. Попов, В. И. Рябцев, Г. А. Рябцев 
225 1 |a Экологическая экспертиза 
320 |a Библиогр.: 2 назв. 
461 1 |0 (RuTPU)RU\TPU\prd\1137  |t Безопасность жизнедеятельности  |o научно-практический и учебно-методический журнал  |d 2001- 
463 1 |0 (RuTPU)RU\TPU\prd\4187  |t № 4  |v С. 26-28  |d 2002 
610 1 |a окружающая среда 
610 1 |a выбросы 
610 1 |a тепловое загрязнение 
610 1 |a тепловые электрические станции 
610 1 |a теплоэлектроцентрали 
610 1 |a сбросы 
675 |a 632.15:621.311.22  |v 3 
700 1 |a Попов  |b В. М. 
701 1 |a Рябцев  |b В. И. 
701 1 |a Рябцев  |b Г. А. 
801 1 |a RU  |b 63413507  |c 20020910  |g PSBO 
801 2 |a RU  |b 63413507  |c 20050207  |g PSBO 
942 |c BK